| 000 | 00511nam a2200169Ia 4500 | ||
|---|---|---|---|
| 999 |
_c35310 _d35310 |
||
| 003 | OSt | ||
| 005 | 20201214101455.0 | ||
| 008 | 190216s9999||||xx |||||||||||||| ||und|| | ||
| 040 | _coclc | ||
| 082 |
_a574.994 _bBER/T |
||
| 100 |
_aBergamini, David _97415 |
||
| 245 | 4 |
_aThe Land And Wild Life Of Australia / _cDavid Bergamini |
|
| 260 |
_bTime In Corporated, _c1971. _aNewyork: |
||
| 300 | _a195p | ||
| 650 | _aLife Nature Library | ||
| 942 |
_cREF _2ddc _h574.994 _iBER/T _k574.994 _mBER/T |
||